000 04732nam0a2200541 4500
001 RU\NLR\BIBL_A\011941711
005 20250809113043.0
020 _aRU
_9Ленинград в Великой Отечественной войне. Коллекция. Афиши
035 _a(NLR Aleph) 011941711
090 _a65320
_c65320
100 _a20190219d1942 u y0rusy50 ca
101 0 _arus
102 _aRU
105 _ay z 000zy
135 _acrcn 024anaba
200 1 _aОдноактные комедии под режиссерством и при участии народного артиста Республики Б.А. Горин-Горяинова, засл. арт. РСФСР Е.П. Студенцова и арт. Гостеатров: П. И. Андриевского, А. А. Исаковой, В. И. Колотушкина [и др.], 8, 10 и 11 октябрь 1942 г.
_e[афиша]
_fУправление по делам искусств Исполкома Ленгорсовета, Зал камерных концертов
210 _a[Ленинград]
_cФ-ка Детгиза
_d1942
215 _a1 л.
_d71х78
300 _aАнонс: Готовятся к постановке: "Провинциалка" - И. С. Тургенева, "Портрет" - Н. Смолича, "Капризный зуб"
300 _aБилеты продаются в кассе театра ежедневно от 10 до 19 часов
300 _aЗаказ 440
325 _aКопия доступна в Электрон. б-ке РНБ
327 _aРепертуар: четверг 8-го Октября: 1) "На призывном пункте" - Рудина; 2) "Средство от запоя" - АМБА. Роль Федора Николаевича исп. Б. А. Горин-Горяинов; 3) Рассказы - исп. арт. Цветкова.; 4) "Тетка Джека" - Б. Горина. Роль Бабса исполняет Б. А. Горин-Горяинов. Суббота, 10-го Октября: 1) "На призывном пункте" - Рудина; 2) "Золотой телец" - Добржанского. Роль Блатеску исп. Б. А. Горин-Горяинов; 3) Рассказы - исп. арт. Цветкова.; 4) "Средство от запоя" - АМБА. Роль Федора Николаевича исп. Б. А. Горин-Горяинов. Воскресенье, 11-го Октября: 1) "На призывном пункте" - Рудина; 2) "Золотой телец" - Добржанского. Роль Блатеску исп. Б. А. Горин-Горяинов; 3) Рассказы - исп. арт. Цветкова.; 4) "Тетка Джека" - Б. Горина. Роль Бабса исполняет Б. А. Горин-Горяинов.Начало концертов в 17 час.
606 1 _aТеатральная жизнь
_yЛенинград, город
_z1941 - 1944
_jАфиши
_2nlr_sh2
_3RU\NLR\AUTH\6601649837
686 1 _aЩ333(2Р=Рус)7-692Ленинград
702 1 _aГорин-Горяинов
_bБ. А.
_cактер
_f1883-1944
_gБорис Анатольевич
_3RU\NLR\AUTH\770201579
_4005
702 1 _aСтуденцов
_bЕ. П.
_cактер
_f1890-1943
_gЕвгений Павлович
_3RU\NLR\AUTH\770201582
_4005
702 1 _aАндриевский
_bП. И.
_cактер, режиссер
_f1885-1961
_gПетр Ильич
_3RU\NLR\AUTH\770201646
_4005
702 1 _aКолотушкин
_bВ. И.
_cактер
_3RU\NLR\AUTH\770201704
_4005
702 1 _aИсакова
_bА. А.
_cактриса
_3RU\NLR\AUTH\770201656
_4005
712 0 2 _aЗал камерных концертов
_cЛенинград
_3RU\NLR\AUTH\880495405
_4570
852 _aNLR
_jЛ3-330а/12/3/1942-окт.(2)
856 0 _uhttp://vivaldi.nlr.ru/la700000113/view
856 1 _uhttp://vivaldi.nlr.ru/la700000113/cover
856 2 _uhttp://vivaldi.nlr.ru/la700000113/text
942 _cVISUAL
945 _aРоссийская национальная библиотека
980 _aNB
980 _aBV
980 3 _akplen
980 3 _akp
981 3 7 _a(37) Ленинград в Великой Отечественной войне
_b(37) Афиши блокадного Ленинграда